La vita dei greci e dei romani / (Record no. 154879)

MARC details
000 -LEADER
campo de control de longitud fija 00851nam a22002295i 4500
001 - NÚMERO DE CONTROL
campo de control 154879
003 - IDENTIFICADOR DE NÚMERO DE CONTROL
campo de control ES-MaACL
005 - FECHA Y HORA DE LA ÚLTIMA TRANSACCIÓN
campo de control 20250805075348.0
008 - DATOS DE LONGITUD FIJA--INFORMACIÓN GENERAL
campo de control de longitud fija 991018s1875 it a |||| | ita d
100 1# - ENTRADA PRINCIPAL--NOMBRE DE PERSONA
Nombre de persona Guhl, E.
9 (RLIN) 127611
245 13 - MENCIÓN DEL TÍTULO
Título La vita dei greci e dei romani /
Mención de responsabilidad, etc. ricavata dagli antichi monumenti da E. Guhl e W. Koner ; traduzione sulla terza edizione originale di Carlo Giussani.
260 ## - PUBLICACIÓN, DISTRIBUCIÓN, ETC.
Lugar de publicación, distribución, etc. Roma ;
-- Torino ;
-- Firenze :
Nombre del editor, distribuidor, etc. Ermanno Loescher,
Fecha de publicación, distribución, etc. 1875.
300 ## - DESCRIPCIÓN FÍSICA
Extensión XX, 763 p. :
Otras características físicas il. ;
Dimensiones 23 cm.
650 #4 - PUNTO DE ACCESO ADICIONAL DE MATERIA--TÉRMINO DE MATERIA
Término de materia o nombre geográfico como elemento de entrada Civilización griega.
9 (RLIN) 137206
650 07 - PUNTO DE ACCESO ADICIONAL DE MATERIA--TÉRMINO DE MATERIA
Término de materia o nombre geográfico como elemento de entrada Civilización romana
Fuente del encabezamiento o término embne
9 (RLIN) 11103
651 #4 - PUNTO DE ACCESO ADICIONAL DE MATERIA--NOMBRE GEOGRÁFICO
Nombre geográfico Grecia-
Subdivisión general Usos y costumbres.
9 (RLIN) 8786
651 ## - PUNTO DE ACCESO ADICIONAL DE MATERIA--NOMBRE GEOGRÁFICO
Nombre geográfico Roma-
Subdivisión general Usos y costumbres.
9 (RLIN) 9321
700 1# - ENTRADA AGREGADA--NOMBRE PERSONAL
Nombre de persona Koner, W.
9 (RLIN) 128480
700 1# - ENTRADA AGREGADA--NOMBRE PERSONAL
Nombre de persona Giussani, Carlo.
9 (RLIN) 127342
852 ## - LOCALIZACIÓN
Ubicación ES-MaACL
Número de control de estantería G-3616
Nota libre - Enc. hol.
Holdings
Estatus retirado Estado de pérdida Estado de daño No para préstamo Colección Biblioteca de origen Biblioteca actual Ubicación en estantería Fecha de adquisición Total de préstamos Signatura topográfica completa Código de barras Visto por última vez Precio de reemplazo Tipo de ítem Koha
        Libros del s. XIX Biblioteca del Ateneo de Madrid Biblioteca del Ateneo de Madrid Depósito 2 17/01/2008   G-3616 1162005 23/02/2023 23/02/2023 Libro impreso antiguo